Life in a Turkish village / (Record no. 34174)
[ view plain ]
| 000 -LEADER | |
|---|---|
| fixed length control field | 00942nam a22002892a 4500 |
| 001 - CONTROL NUMBER | |
| control field | 34174 |
| 003 - CONTROL NUMBER IDENTIFIER | |
| rucl marc code | BD-RjUL |
| 005 - DATE AND TIME OF LATEST TRANSACTION | |
| control field | 20211209052122.0 |
| 008 - FIXED-LENGTH DATA ELEMENTS--GENERAL INFORMATION | |
| fixed length control field | 140514s1964 nyuab b 000 0 eng d |
| 035 ## - SYSTEM CONTROL NUMBER | |
| System control number | OCLC ocm00397537 from D960801M |
| -- | (BD-RjUL)34268 |
| 040 ## - CATALOGING SOURCE | |
| Original cataloging agency | DLC |
| Transcribing agency | DLC |
| Modifying agency | BNG |
| -- | UKM |
| -- | BD-RjUL |
| Language of cataloging | eng |
| 041 ## - LANGUAGE CODE | |
| Language code of text/sound track or separate title | eng |
| 082 ## - DEWEY DECIMAL CLASSIFICATION NUMBER | |
| Classification number | 915.63 |
| Author mark and year | PIL 1964 |
| 100 1# - MAIN ENTRY--PERSONAL NAME | |
| Personal name | Pierce, Joe E. |
| 9 (RLIN) | 103889 |
| 245 10 - TITLE STATEMENT | |
| Title | Life in a Turkish village / |
| Statement of responsibility, etc. | by Joe E. Pierce |
| 260 ## - PUBLICATION, DISTRIBUTION, ETC. (IMPRINT) | |
| Place of publication, distribution, etc. | New York ; |
| -- | London : |
| Name of publisher, distributor, etc. | Holt, Rinehart and Winston, |
| Date of publication, distribution, etc. | 1964. |
| 300 ## - PHYSICAL DESCRIPTION | |
| Pagination | vi, 102 p. : |
| Illustrations | illus., map. ; |
| Size | 24 cm |
| 490 1# - SERIES STATEMENT | |
| Series statement | Case studies in cultural anthropology |
| 504 ## - BIBLIOGRAPHY, ETC. NOTE | |
| Bibliography, etc | Bibliography: p. 102 |
| 650 ## - SUBJECT ADDED ENTRY--TOPICAL TERM | |
| Topical term or geographic name as entry element | Demirciler (Turkey) |
| 9 (RLIN) | 103890 |
| 651 #0 - SUBJECT ADDED ENTRY--GEOGRAPHIC NAME | |
| Geographic name | Demirciler (Turkey) |
| 9 (RLIN) | 103891 |
| Geographic name | Turkey |
| General subdivision | Social life and customs |
| 9 (RLIN) | 103892 |
| 830 #0 - SERIES ADDED ENTRY--UNIFORM TITLE | |
| Uniform title | Case studies in cultural anthropology |
| 942 ## - ADDED ENTRY ELEMENTS (KOHA) | |
| Source of classification or shelving scheme | Dewey Decimal Classification |
| Koha item type | Books |
| Lost status | Source of classification or shelving scheme | Damaged status | Not for loan | Collection code | Permanent Location | Current Location | Shelving location | Date acquired | Source of acquisition | Cost, normal purchase price | Total Checkouts | Full call number | Date last seen | Copy number | Koha item type |
|---|---|---|---|---|---|---|---|---|---|---|---|---|---|---|---|
| Dewey Decimal Classification | Non-fiction | Central Library, University of Rajshahi | Central Library, University of Rajshahi | 16/04/1968 | Euro Park | 10.50 | 915.63 PIL 1964 | 14/05/2014 | C-2 | Books | |||||
| Dewey Decimal Classification | Not For Loan | Non-fiction | Central Library, University of Rajshahi | Central Library, University of Rajshahi | Reading Room | 12/09/2024 | 915.63 PIL 1964 | 12/09/2024 | C-1 | Books |